Lebensmittel mit "Q" - Statistiken

Allgemein
  • Dieses Quiz wurde 137 mal gespielt
  • Das Durchschnittsergebnis liegt bei 3 aus 7
Antwortstatistiken
Lebensmittel % Korrekt
Quark
99%
Quitte
66%
Quarkkuchen
35%
Quarkbällchen
31%
Quiche
28%
Quarktasche
23%
Quarkkeulchen
16%
Keine übereinstimmenden Quizze gefunden
Verteilung der Resultate
Anzahl Personen mit jedem Resultat
Perzentil nach korrekt beantworteten Fragen
Ihre Resultats-Entwicklung
Sie haben dieses Quiz noch nicht gespielt